| 000 | 00506nam a2200169Ia 4500 | ||
|---|---|---|---|
| 999 |
_c676 _d676 |
||
| 003 | OSt | ||
| 005 | 20210914123425.0 | ||
| 008 | 190216s9999||||xx |||||||||||||| ||und|| | ||
| 040 | _coclc | ||
| 082 |
_a492.79 _bHAM/T |
||
| 100 |
_aHameed, V P Abdul _94572 |
||
| 245 | 0 |
_aThareehul Adabil Arabiya Fee Al Hasrul Amavee Val Habbazee / _cV P Abdul Hameed |
|
| 260 |
_bMakthabathul Huda, _aCalicut: |
||
| 300 | _a232p | ||
| 650 | _aArabic | ||
| 942 |
_cBK _2ddc _h492.79 _iHAM/T _k492.79 _mHAM/T |
||